000 00282nam a22001217a 4500
999 _c14775
_d14775
082 _a297٫16MUA
100 _aابو الا علی مودعدی
245 _aتفھیم القرآن
250 _aVol 4 and Vol 1
260 _aلاھور
_c۱۹۸۸
300 _aIRP
942 _cBK